Word Morph 4 - Statistics

General Stats
  • This quiz has been taken 217 times
  • The average score is 23 of 34
Answer Stats
Question Action Answer % Correct
Auditory organ Remove 3 Ear
88%
Close by Remove 2 Near
86%
Soft-bodied, ant-like, social insect that feeds on wood Replace 2 Termite
86%
Look for something Replace 1 Search
85%
Mouse-like rodent, but larger Remove 2 Rat
83%
Orange root vegetable, maybe good for your eyesight? Add 3 Carrot
82%
Warmth Replace 1 Heat
81%
Sugary fluid secreted within flowers Add 2 Nectar
81%
Brightly coloured tropical bird similar to a macaw Replace 1 Parrot
81%
Give off, or discharge, light, heat, or radiation Remove 3 Emit
80%
Large amount of hay, or maybe paper, tied tightly together Remove 2 Bale
78%
Expression of human creative skill and imagination Swap 2 Art
77%
State of physical and mental well-being, free of disease or pain Add 2 Health
76%
Military conflict Add 2 Battle
74%
Musical tempo Shuffle Beat
74%
Rugged wooden box used for shipping Swap 2 Crate
74%
Area around a fireplace Replace 1 Hearth
74%
Portable computer Replace 2 Laptop
74%
Complex carbohydrate found in potatoes, rice and other vegetables Replace 3 Starch
74%
Made the acquaintance of someone, possibly for the first time Remove 2 Met
73%
Flat slab of stone used for an inscription Shuffle Tablet
72%
Artistic dance style performed to music, using precise moves and gestures Replace 2 Ballet
69%
Send money to someone, typically as a payment for something Add 1 Remit
68%
Encourage or assist Remove 2 Abet
65%
Track down, or a small amount Remove 1 Trace
62%
Hawk, buzzard or a falcon, or maybe an eagle? Shuffle Raptor
58%
State of mind where someone is awake but appears to be asleep Shuffle Trance
57%
Quality of being particularly good or worthy Swap 2 Merit
56%
Intervening time or period, or a temporary state (7 letters) I{nterim}
53%
Small settlement, generally one smaller than a village Add 3 Hamlet
49%
Arranged in or along a straight line Add 3 Linear
46%
Last stops, or stations, at the ends of railway or bus routes Shuffle Termini
46%
At a time in the future Remove 1 Later
38%
Second or last of a list of things previously mentioned Replace 3 Latter
27%
No matching quizzes found
Score Distribution
Percent of People with Each Score
Percentile by Number Answered
Your Score History
You have not taken this quiz